|
|
|
|
| LEADER |
00000nam0a2200000 4500 |
| 001 |
362489 |
| 005 |
20231102011509.0 |
| 035 |
|
|
|a (RuTPU)RU\TPU\retro\19835
|
| 090 |
|
|
|a 362489
|
| 100 |
|
|
|a 20210727d1980 km y0rusy50 ca
|
| 101 |
0 |
|
|a rus
|
| 102 |
|
|
|a RU
|
| 105 |
|
|
|a a z 001zy
|
| 200 |
1 |
|
|a Практическая аэродинамика вертолета Ми-6А
|f К. Н. Лалетин, Л. Т. Артамонов
|
| 210 |
|
|
|a Москва
|c Транспорт
|d 1980
|
| 215 |
|
|
|a 163 с.
|c ил.
|
| 320 |
|
|
|a Библиогр.: с. 163
|
| 606 |
1 |
|
|a Вертолеты
|x Аэродинамика
|2 stltpush
|3 (RuTPU)RU\TPU\subj\2284
|9 30867
|
| 610 |
1 |
|
|a управление
|
| 610 |
1 |
|
|a центровка
|
| 610 |
1 |
|
|a вертикальное движение
|
| 610 |
1 |
|
|a посадка
|
| 610 |
1 |
|
|a автопилотирование
|
| 610 |
1 |
|
|a отказы
|
| 610 |
1 |
|
|a двигатели
|
| 675 |
|
|
|a 621.735.4
|v 4
|
| 700 |
|
1 |
|a Лалетин
|b К. Н.
|g Константинович
|
| 701 |
|
1 |
|a Артамонов
|b Л. Т.
|g Леонид Тимофеевич
|
| 801 |
|
1 |
|a RU
|b 63413507
|c 20210727
|
| 942 |
|
|
|c BK
|